000 00294nam a22001337a 4500
008 170405b xxu||||| |||| 00| 0 eng d
020 _a9781429219723
041 _aeng
080 _a 574
100 _a9
101 _aSHM
245 _aENVIRONMENTAL SCIENCE
_cHOUTMAN, A
942 _2udc
_cBK
999 _c9807
_d9807